000 00732cam a22002533a 4500
001 567
003 PGUSA
005 20140828082950.0
008 960601s1996||||xxu|||||s|||||000 e eng d
040 _aPGUSA
_beng
042 _adc
050 4 _aPS
100 1 _aBrann, William Cowper,
_d1855-1898
245 1 4 _aThe Complete Works of Brann, the Iconoclast — Volume 01
_h[electronic resource] /
_cWilliam Cowper Brann
260 _bProject Gutenberg,
_c1996
506 _aPublic domain in the USA.
516 _aElectronic text
653 _aBrann, William Cowper, 1855-1898
653 _aReformers
653 _aEssays
830 0 _aProject Gutenberg
_v567
856 4 0 _uhttp://www.gutenberg.org/ebooks/567
942 _cEB
999 _c229918
_d229918